00581nam a22001817a 4500003000400000005001700004008004100021020001800062040002200080082002600102100003100128245007600159260004400235300002700279490003400306504002300340650003600363OSt20260508045945.0260504b |||||||| |||| 00| 0 eng d a971-683-526-4 aDWCL-Main LibcOC aFil. 005.5 Sa237 2006 aSto. Domingo, Josephine C. aUnderstanding word and excel the easy way /cSto. Domingo, Josephine C. aManila : bSt. Augustine Pub., cc2006. aiii , 181 p. ; c26 cm aComputers-the easy way series aIncludes glossary. aComputer programs - Excel Word.